000 002800000a22000970004500
100 1 _aSendek, Donaldo
245 1 0 _aValue and benefits of joining a Full Service Mission
300 _aVol.86, núm.2 (July-October, 2006), Página 3
773 0 _tLatin America Evangelist
942 _cANA
999 _c61655
_d61655